[Event "IECG CP.2002.Q.00021 email"]
[Site "IECG email"]
[Date "2003.10.01"]
[Round "?"]
[White "Cijs, Peter JG"]
[Black "Collins, Andy"]
[Result "1-0"]
[WhiteElo "2047"]
[BlackElo "1471"]
[PlyCount "73"]
[EventDate "2003.10.01"]
[EventType "tourn (corr)"]
[EventRounds "10"]
[SourceTitle "Corr 2008"]
[Source "ChessBase"]
[SourceDate "2008.06.24"]
[SourceVersion "1"]
[SourceVersionDate "2008.06.24"]
[SourceQuality "1"]

1. e4 e5 2. Nf3 Nc6 3. Bb5 a6 4. Ba4 Nf6 5. 0-0 Nxe4 6. d4 b5 7. Bb3 d5 8. dxe5 Be6 9. c3 Bc5 10. Nbd2 0-0 11. Bc2 f5 12. Nb3 Bb6 13. Nfd4 Nxd4 14. Nxd4 Qe7 15. f3 Ng5 16. Kh1 Nf7 17. f4 Nh6 18. Bb3 Bxd4 19. cxd4 a5 20. a4 Rab8 21. axb5 Rxb5 22. Ba4 Rb6 23. b3 Qf7 24. Ba3 Rfb8 25. Bc5 Ra6 26. b4 Bd7 27. Bxd7 Qxd7 28. Rxa5 Rxa5 29. bxa5 Ra8 30. Qb3 Nf7 31. Ra1 Nd8 32. a6 Qc6 33. a7 Ne6 34. Qb8+ Kf7 35. Rb1 Nxc5 36. dxc5 Ke6 37. h3 1-0

[Event "IECG CP.2002.Q.00021 email"]
[Site "IECG email"]
[Date "2003.10.01"]
[Round "?"]
[White "Collins, Andy"]
[Black "Foy, Jeffrey"]
[Result "1/2-1/2"]
[WhiteElo "1471"]
[BlackElo "1808"]
[PlyCount "117"]
[EventDate "2003.10.01"]
[EventType "tourn (corr)"]
[EventRounds "10"]
[SourceTitle "Corr 2008"]
[Source "ChessBase"]
[SourceDate "2008.06.24"]
[SourceVersion "1"]
[SourceVersionDate "2008.06.24"]
[SourceQuality "1"]

1. e4 e6 2. d4 d5 3. Nd2 Nf6 4. e5 Nfd7 5. Bd3 c5 6. c3 Nc6 7. Ne2 cxd4 8. cxd4 f6 9. exf6 Nxf6 10. 0-0 Bd6 11. Nf3 0-0 12. Bf4 Bxf4 13. Nxf4 Qc7 14. Ne2 Ng4 15. Ng3 e5 16. dxe5 Ngxe5 17. Nxe5 Qxe5 18. Qc2 g6 19. Rae1 Qd6 20. Qd2 Qf4 21. Qc3 Qb4 22. Re3 Bd7 23. Rd1 Rad8 24. Bc2 Be8 25. Bb3 Bf7 26. Ne2 Qb6 27. Nd4 Na5 28. Re7 Nc6 29. Nxc6 bxc6 30. h4 Rde8 31. Rde1 Rxe7 32. Rxe7 Re8 33. Rd7 a5 34. Ba4 Qb4 35. Qxb4 axb4 36. Bxc6 Re1+ 37. Kh2 Re2 38. b3 Rxa2 39. Bxd5 Bxd5 40. Rxd5 Rb2 41. Rd3 Rxf2 42. Rd4 Kf7 43. Rxb4 Ke6 44. Kg3 Rf7 45. Kg4 Rf5 46. Rb6+ Kf7 47. b4 h5+ 48. Kg3 Rd5 49. Kf3 g5 50. Ke4 Rd2 51. g3 gxh4 52. gxh4 Rh2 53. b5 Rxh4+ 54. Kd5 Rh2 55. Rc6 h4 56. Rc3 Kf6 57. b6 Rb2 58. Kc6 Rxb6+ 59. Kxb6 1/2-1/2

[Event "IECG CP.2003.P.00086 email"]
[Site "IECG email"]
[Date "2003.10.01"]
[Round "?"]
[White "Collins, Andy"]
[Black "Meulemans, Bart"]
[Result "1/2-1/2"]
[WhiteElo "1471"]
[BlackElo "2155"]
[PlyCount "93"]
[EventDate "2003.10.01"]
[EventType "tourn (corr)"]
[EventRounds "6"]
[EventCountry "CAN"]
[SourceTitle "Corr 2008"]
[Source "ChessBase"]
[SourceDate "2008.06.24"]
[SourceVersion "1"]
[SourceVersionDate "2008.06.24"]
[SourceQuality "1"]

1. e4 e5 2. Nf3 Nc6 3. Bb5 f5 4. Nc3 fxe4 5. Nxe4 d5 6. Nxe5 dxe4 7. Nxc6 Qg5 8. Qe2 Nf6 9. f4 Qxf4 10. Ne5+ c6 11. d4 Qh4+ 12. g3 Qh3 13. Bc4 Be6 14. Bg5 0-0-0 15. 0-0-0 Bd6 16. Nf7 Bxf7 17. Bxf7 Rhf8 18. Bc4 Rde8 19. Rhf1 Kb8 20. Rde1 Nd5 21. Kb1 Bb4 22. Rd1 h6 23. Bc1 g5 24. Rxf8 Bxf8 25. Rf1 Qe6 26. Qh5 Bg7 27. c3 Re7 28. Bb3 Kc7 29. h4 e3 30. hxg5 hxg5 31. Qe2 g4 32. Ka1 Bh6 33. Rh1 Bg5 34. Bc4 Qf6 35. Rf1 Qd6 36. Rf5 Bh6 37. Rh5 Bg7 38. Qe1 Qf6 39. Rh2 Re8 40. Be2 Qf5 41. Bd1 Qg5 42. Bb3 Nf6 43. Re2 Bh6 44. Bc2 Nd5 45. Bd3 Qf6 46. Rh2 Bf8 47. Be2 1/2-1/2

[Event "IECG CP.2003.P.00086 email"]
[Site "IECG email"]
[Date "2003.10.01"]
[Round "?"]
[White "Neacsu, Catalin"]
[Black "Collins, Andy"]
[Result "1-0"]
[WhiteElo "1817"]
[BlackElo "1471"]
[PlyCount "111"]
[EventDate "2003.10.01"]
[EventType "tourn (corr)"]
[EventRounds "6"]
[EventCountry "CAN"]
[SourceTitle "Corr 2008"]
[Source "ChessBase"]
[SourceDate "2008.06.24"]
[SourceVersion "1"]
[SourceVersionDate "2008.06.24"]
[SourceQuality "1"]

1. e4 e5 2. Nf3 Nc6 3. d4 exd4 4. Nxd4 Nf6 5. Nxc6 bxc6 6. e5 Qe7 7. Qe2 Nd5 8. c4 Nb6 9. Nc3 Qe6 10. Bd2 Ba6 11. b3 Bc5 12. f4 0-0 13. 0-0-0 f6 14. Re1 f5 15. g4 d5 16. exd6 Qxe2 17. Bxe2 cxd6 18. a4 d5 19. a5 Nc8 20. cxd5 Bxe2 21. Rxe2 Ne7 22. Rhe1 Nxd5 23. Nxd5 cxd5 24. gxf5 Rxf5 25. Re5 Raf8 26. Kc2 Bd6 27. Rxf5 Rxf5 28. Re6 Bb8 29. Re8+ Rf8 30. Rxf8+ Kxf8 31. a6 Ke7 32. b4 Kd6 33. Bc3 Kc6 34. Be5 Bc7 35. Kd3 Bd8 36. Bxg7 Be7 37. f5 Bxb4 38. f6 Kb6 39. Kd4 Kxa6 40. f7 Kb6 41. Kxd5 Kc7 42. f8Q Bxf8 43. Bxf8 Kd7 44. Kc5 Ke6 45. Kb5 h5 46. Ka6 Ke5 47. Kxa7 Kf4 48. Kb6 h4 49. Kc5 h3 50. Bd6+ Ke3 51. Kd5 Kf3 52. Bg3 Kg4 53. Ke4 Kg5 54. Kf3 Kh5 55. Be1 Kg5 56. Kg3 1-0

[Event "IECG CP.2002.Q.00021 email"]
[Site "IECG email"]
[Date "2003.10.01"]
[Round "?"]
[White "Walsh, Hector"]
[Black "Collins, Andy"]
[Result "1-0"]
[WhiteElo "2510"]
[BlackElo "1471"]
[PlyCount "93"]
[EventDate "2003.10.01"]
[EventType "tourn (corr)"]
[EventRounds "10"]
[SourceTitle "Corr 2008"]
[Source "ChessBase"]
[SourceDate "2008.06.24"]
[SourceVersion "1"]
[SourceVersionDate "2008.06.24"]
[SourceQuality "1"]

1. e4 e5 2. Nf3 Nc6 3. Bb5 a6 4. Ba4 Nf6 5. 0-0 Nxe4 6. d4 b5 7. Bb3 d5 8. dxe5 Be6 9. Nbd2 Nc5 10. c3 Bg4 11. Bc2 Be7 12. Re1 Qd7 13. Nf1 Rd8 14. Ne3 Bh5 15. b4 Ne6 16. g4 Bg6 17. Nf5 0-0 18. a4 Rfe8 19. axb5 axb5 20. Bd3 Rb8 21. Qe2 Ncd8 22. Ra7 d4 23. cxd4 Bxb4 24. Rd1 Bxf5 25. Bxf5 g6 26. Be4 Nc5 27. Ng5 Na4 28. Qf3 Nc3 29. Rd3 h6 30. Nxf7 Nxf7 31. Ra6 Nxe4 32. Rxg6+ Kh8 33. Qxe4 Rb6 34. d5 Rxe5 35. Bb2 Kh7 36. Rxh6+ Kg8 37. Rg6+ Rxg6 38. Qxg6+ Kf8 39. Bxe5 Nxe5 40. Qf6+ Nf7 41. Rf3 Ke8 42. Rf5 c5 43. g5 Bc3 44. Qg6 Bg7 45. h4 b4 46. Rf4 Kf8 47. Qe6 1-0

[Event "IECG CP.2001.Q.00021 email"]
[Site "IECG email"]
[Date "2002.10.04"]
[Round "?"]
[White "Collins, Andy"]
[Black "Gilles, Robert P"]
[Result "1/2-1/2"]
[WhiteElo "1280"]
[BlackElo "2267"]
[PlyCount "95"]
[EventDate "2002.10.01"]
[EventType "tourn (corr)"]
[EventRounds "10"]
[EventCountry "DEN"]
[SourceTitle "Corr 2008"]
[Source "ChessBase"]
[SourceDate "2008.06.24"]
[SourceVersion "1"]
[SourceVersionDate "2008.06.24"]
[SourceQuality "1"]

1. e4 e5 2. Nf3 Nc6 3. Bb5 a6 4. Ba4 Nf6 5. 0-0 Be7 6. Re1 b5 7. Bb3 0-0 8. c3 d5 9. exd5 Nxd5 10. Nxe5 Nxe5 11. Rxe5 Bb7 12. d4 Bf6 13. Re1 Re8 14. Nd2 Nf4 15. Nf3 Bxf3 16. Rxe8+ Qxe8 17. gxf3 Bg5 18. Bxf4 Bxf4 19. Qf1 Qc6 20. Qh3 Re8 21. Qf5 Qf6 22. Qxf6 gxf6 23. Bd5 Re2 24. Rb1 f5 25. Bb7 Re6 26. h3 Kg7 27. d5 Rb6 28. Bc6 Rb8 29. Re1 b4 30. cxb4 Rxb4 31. b3 Rd4 32. Re8 Rd2 33. a4 Bd6 34. Ra8 Bc5 35. Rxa6 Rxf2 36. b4 Bd4 37. Kh1 Rxf3 38. d6 Rf1+ 39. Kg2 Rf2+ 40. Kg3 cxd6 41. b5 h5 42. Bf3 h4+ 43. Kf4 Bc5 44. Rc6 Ra2 45. Kxf5 Rxa4 46. Rc7 Be3 47. Be4 Rb4 48. Rb7 1/2-1/2

[Event "IECG CP.2001.Q.00021 email"]
[Site "IECG email"]
[Date "2002.10.04"]
[Round "?"]
[White "Collins, Andy"]
[Black "Wurschner, Miroslav"]
[Result "1/2-1/2"]
[WhiteElo "1280"]
[BlackElo "2227"]
[PlyCount "71"]
[EventDate "2002.10.01"]
[EventType "tourn (corr)"]
[EventRounds "10"]
[EventCountry "DEN"]
[SourceTitle "Corr 2008"]
[Source "ChessBase"]
[SourceDate "2008.06.24"]
[SourceVersion "1"]
[SourceVersionDate "2008.06.24"]
[SourceQuality "1"]

1. e4 c5 2. Nf3 d6 3. d4 cxd4 4. Nxd4 Nf6 5. Nc3 a6 6. Bg5 e6 7. f4 Be7 8. Qf3 Qc7 9. 0-0-0 Nbd7 10. g4 b5 11. Bxf6 Nxf6 12. g5 Nd7 13. f5 Bxg5+ 14. Kb1 Ne5 15. Qh5 Qe7 16. Nxe6 Bxe6 17. fxe6 g6 18. Qe2 fxe6 19. Qf2 Rc8 20. Bh3 Rc5 21. Rhf1 Nc4 22. Qd4 Re5 23. Rd3 Bf6 24. Rxf6 Qxf6 25. b3 Na3+ 26. Kb2 b4 27. Qxd6 bxc3+ 28. Rxc3 Nc4+ 29. bxc4 Rf8 30. Bg4 Rxe4 31. Qc6+ Kf7 32. Qxe4 Rb8+ 33. Kc1 Qxc3 34. Qf4+ Kg7 35. Qxb8 Qe3+ 36. Kb2 1/2-1/2

[Event "IECG CF.2002.0.00016 email"]
[Site "IECG email"]
[Date "2002.01.29"]
[Round "?"]
[White "Collins, Andy"]
[Black "Boni, Roberto"]
[Result "1-0"]
[WhiteElo "1173"]
[BlackElo "1096"]
[PlyCount "65"]
[EventDate "2002.01.29"]
[EventType "tourn (corr)"]
[EventRounds "6"]
[SourceTitle "Corr 2008"]
[Source "ChessBase"]
[SourceDate "2008.06.24"]
[SourceVersion "1"]
[SourceVersionDate "2008.06.24"]
[SourceQuality "1"]

1. e4 e5 2. Nf3 Nc6 3. Bb5 a6 4. Ba4 Nf6 5. 0-0 Be7 6. Re1 b5 7. Bb3 0-0 8. c3 d5 9. exd5 Nxd5 10. Nxe5 Nxe5 11. Rxe5 c6 12. d4 Bd6 13. Re1 Qh4 14. g3 Qh3 15. Be3 Bg4 16. Qd3 Rae8 17. Nd2 Re6 18. a4 f5 19. Qf1 Qh5 20. f4 Rfe8 21. axb5 axb5 22. Bxd5 cxd5 23. Qxb5 Kh8 24. Qxd5 g5 25. Bf2 Be2 26. Ra8 Kg7 27. Rxe8 Qxe8 28. Qxf5 gxf4 29. d5 Rg6 30. Bd4+ Kg8 31. Ne4 f3 32. Nf6+ Rxf6 33. Qxf6 1-0

[Event "IECG CF.2002.0.00016 email"]
[Site "IECG email"]
[Date "2002.01.29"]
[Round "?"]
[White "Collins, Andy"]
[Black "Kinell, Mats"]
[Result "1-0"]
[WhiteElo "1173"]
[BlackElo "1089"]
[PlyCount "31"]
[EventDate "2002.01.29"]
[EventType "tourn (corr)"]
[EventRounds "6"]
[SourceTitle "Corr 2008"]
[Source "ChessBase"]
[SourceDate "2008.06.24"]
[SourceVersion "1"]
[SourceVersionDate "2008.06.24"]
[SourceQuality "1"]

1. e4 e5 2. Nf3 Nc6 3. Bb5 Nf6 4. 0-0 Nxe4 5. d4 d6 6. Qe2 f5 7. d5 a6 8. dxc6 axb5 9. cxb7 Rb8 10. bxc8Q Qxc8 11. Nbd2 Qb7 12. Re1 d5 13. Nxe5 Bd6 14. Qh5+ g6 15. Nxg6 Rg8 16. Qxh7 1-0

[Event "IECG CP.2001.P.00092"]
[Site "IECG email"]
[Date "2001.10.01"]
[Round "?"]
[White "Taner, Harun"]
[Black "Collins, Andy"]
[Result "0-1"]
[WhiteElo "1322"]
[BlackElo "958"]
[PlyCount "119"]
[EventDate "2001.10.01"]
[EventType "tourn (corr)"]
[EventRounds "6"]
[SourceTitle "Corr 2008"]
[Source "ChessBase"]
[SourceDate "2008.06.24"]
[SourceVersion "1"]
[SourceVersionDate "2008.06.24"]
[SourceQuality "1"]

1. d4 Nf6 2. c4 e6 3. Nc3 Bb4 4. Qc2 c5 5. dxc5 0-0 6. e3 Nc6 7. Nf3 Bxc5 8. a3 b6 9. b4 Bd6 10. Bb2 a5 11. bxa5 bxa5 12. Rd1 Qe7 13. Nb5 Bc5 14. Ng5 g6 15. Bxf6 Qxf6 16. Ne4 Qe7 17. Nxc5 Qxc5 18. Qd2 Rb8 19. Be2 Ba6 20. Qd6 Qxd6 21. Nxd6 Rb2 22. a4 Rd8 23. Rd2 Rb4 24. Ra2 Rb1+ 25. Bd1 Ne5 26. 0-0 Bxc4 27. Nxc4 Nxc4 28. Be2 Rb4 29. Rc1 d5 30. Kf1 Rc8 31. Ke1 f5 32. Bd3 Kf7 33. Ke2 e5 34. h4 e4 35. Bc2 Ke6 36. f3 Nb6 37. fxe4 dxe4 38. Kd2 Ke5 39. Bd1 Rxc1 40. Kxc1 Nc4 41. Re2 h6 42. g3 Na3 43. Kd2 Rb1 44. Bc2 Rb2 45. Kc3 Rxc2+ 46. Rxc2 Nxc2 47. Kxc2 g5 48. hxg5 hxg5 49. Kd2 f4 50. gxf4+ gxf4 51. exf4+ Kxf4 52. Ke2 Ke5 53. Ke3 Kd5 54. Ke2 Kc5 55. Ke3 Kb4 56. Kxe4 Kxa4 57. Ke3 Kb3 58. Kd3 a4 59. Kd2 a3 60. Kc1 0-1

[Event "IECG CP.2001.P.00092"]
[Site "IECG email"]
[Date "2001.10.01"]
[Round "?"]
[White "Torres, Alejo Santiago Jose"]
[Black "Collins, Andy"]
[Result "0-1"]
[WhiteElo "2107"]
[BlackElo "958"]
[PlyCount "44"]
[EventDate "2001.10.01"]
[EventType "tourn (corr)"]
[EventRounds "6"]
[SourceTitle "Corr 2008"]
[Source "ChessBase"]
[SourceDate "2008.06.24"]
[SourceVersion "1"]
[SourceVersionDate "2008.06.24"]
[SourceQuality "1"]

1. e4 e5 2. Nf3 Nc6 3. Bc4 Nf6 4. Ng5 d5 5. exd5 Na5 6. Bb5+ c6 7. dxc6 bxc6 8. Be2 h6 9. Nf3 e4 10. Ne5 Bd6 11. d4 exd3 12. Nxd3 Qc7 13. b3 0-0 14. Bb2 Re8 15. Bxf6 gxf6 16. Qd2 Bf5 17. g3 Rad8 18. 0-0 Be5 19. c3 Nb7 20. Rd1 Nc5 21. Qc2 Qd6 22. f4 Nxd3 0-1

[Event "IECG RN.2001.0.00003"]
[Site "IECG email"]
[Date "2001.03.15"]
[Round "?"]
[White "Collins, Andy"]
[Black "Perico, Antonio"]
[Result "1-0"]
[WhiteElo "936"]
[BlackElo "800"]
[PlyCount "81"]
[EventDate "2001.03.15"]
[EventType "tourn (corr)"]
[EventRounds "6"]
[SourceTitle "Corr 2008"]
[Source "ChessBase"]
[SourceDate "2008.06.24"]
[SourceVersion "1"]
[SourceVersionDate "2008.06.24"]
[SourceQuality "1"]

1. e4 e5 2. Nf3 Nc6 3. Bb5 a6 4. Ba4 d6 5. 0-0 Bd7 6. d4 b5 7. Bb3 exd4 8. Bd5 Rb8 9. a4 Ne5 10. Nxd4 c6 11. Bb3 Nf6 12. axb5 axb5 13. Re1 Qc7 14. Bf4 g6 15. Nd2 Bg7 16. N4f3 0-0 17. h3 c5 18. Bd5 Rfe8 19. Nxe5 dxe5 20. Bg3 Nxd5 21. exd5 f5 22. Qf3 c4 23. c3 Rb6 24. Red1 f4 25. Bh2 Bf5 26. Ne4 Rd8 27. g3 fxg3 28. Bxg3 Rf8 29. Qe3 b4 30. d6 Qc6 31. Ra7 Rb5 32. f3 bxc3 33. bxc3 Bxh3 34. Rc7 Qa6 35. d7 Rd8 36. Bh4 Rxd7 37. Rcxd7 Bxd7 38. Rxd7 h6 39. Rd8+ Kh7 40. Nf6+ Bxf6 41. Bxf6 1-0

[Event "IECG RN.2001.0.00003"]
[Site "IECG email"]
[Date "2001.03.15"]
[Round "?"]
[White "Vio, Mauro"]
[Black "Collins, Andy"]
[Result "0-1"]
[WhiteElo "830"]
[BlackElo "936"]
[PlyCount "61"]
[EventDate "2001.03.15"]
[EventType "tourn (corr)"]
[EventRounds "6"]
[SourceTitle "Corr 2008"]
[Source "ChessBase"]
[SourceDate "2008.06.24"]
[SourceVersion "1"]
[SourceVersionDate "2008.06.24"]
[SourceQuality "1"]

1. Nf3 d5 2. d4 Nf6 3. c4 c6 4. Nbd2 Bf5 5. Nh4 Be4 6. f3 Bg6 7. Nxg6 hxg6 8. e4 dxe4 9. Nxe4 Nxe4 10. fxe4 e5 11. Qb3 b6 12. dxe5 Qh4+ 13. Kd1 Nd7 14. e6 Qg4+ 15. Qf3 Qxe6 16. Bf4 0-0-0 17. Kc1 Bd6 18. Bxd6 Qxd6 19. Be2 Nc5 20. Rd1 Qxh2 21. e5 Qxe5 22. Qxc6+ Kb8 23. Qf3 Rxd1+ 24. Bxd1 Rd8 25. Qe2 Qf4+ 26. Kb1 Qd4 27. Kc2 Nd3 28. Kb3 b5 29. Qc2 bxc4+ 30. Qxc4 Qxb2+ 31. Ka4 0-1

[Event "IECG CN.2000.0.00221"]
[Site "IECG email"]
[Date "2000.11.16"]
[Round "?"]
[White "Collins, Andy"]
[Black "Cayer, Jean"]
[Result "1-0"]
[WhiteElo "901"]
[BlackElo "704"]
[PlyCount "83"]
[EventDate "2000.11.16"]
[EventType "tourn (corr)"]
[EventRounds "6"]
[SourceTitle "Corr 2008"]
[Source "ChessBase"]
[SourceDate "2008.06.24"]
[SourceVersion "1"]
[SourceVersionDate "2008.06.24"]
[SourceQuality "1"]

1. e4 c5 2. Nf3 d6 3. d4 cxd4 4. Nxd4 Nf6 5. Nc3 g6 6. Be3 Bg7 7. f3 0-0 8. Qd2 Nc6 9. Bc4 Na5 10. Bb3 a6 11. 0-0-0 b5 12. g4 Bd7 13. g5 Ne8 14. Bd5 Rc8 15. a3 Nc4 16. Bxc4 bxc4 17. f4 e6 18. Nde2 Bc6 19. Bc5 Qe7 20. Bxd6 Nxd6 21. Qxd6 Qxd6 22. Rxd6 Rfd8 23. Rxd8+ Rxd8 24. Rd1 Rxd1+ 25. Kxd1 e5 26. f5 gxf5 27. exf5 f6 28. h4 fxg5 29. hxg5 h5 30. Ng1 e4 31. f6 Bf8 32. g6 Bh6 33. Nge2 Bg5 34. Nd4 Bd7 35. Nd5 Kf8 36. g7+ Kf7 37. Ne7 Bg4+ 38. Ne2 Be6 39. g8Q+ Kxf6 40. Qg6+ Kxe7 41. Qxg5+ Kd7 42. Qxh5 1-0

[Event "IECG CN.2000.0.00221"]
[Site "IECG email"]
[Date "2000.11.16"]
[Round "?"]
[White "Van Erps, Gert"]
[Black "Collins, Andy"]
[Result "0-1"]
[WhiteElo "850"]
[BlackElo "901"]
[PlyCount "34"]
[EventDate "2000.11.16"]
[EventType "tourn (corr)"]
[EventRounds "6"]
[SourceTitle "Corr 2008"]
[Source "ChessBase"]
[SourceDate "2008.06.24"]
[SourceVersion "1"]
[SourceVersionDate "2008.06.24"]
[SourceQuality "1"]

1. e4 e5 2. Nf3 Nc6 3. Nc3 Nf6 4. Bb5 Bc5 5. d3 a6 6. Bxc6 dxc6 7. Nxe5 Bxf2+ 8. Kxf2 Qd4+ 9. Be3 Qxe5 10. Re1 Ng4+ 11. Ke2 Qxh2 12. Rg1 0-0 13. Kd2 Nxe3 14. Kxe3 f5 15. Kd2 Qf4+ 16. Ke1 fxe4 17. g3 Qf2# 0-1

[Event "IECG CN.2000.0.00208"]
[Site "IECG email"]
[Date "2000.08.20"]
[Round "?"]
[White "Collins, Andy"]
[Black "Tjiptadi, Kudus"]
[Result "1-0"]
[WhiteElo "800"]
[BlackElo "741"]
[PlyCount "29"]
[EventDate "2000.08.20"]
[EventType "tourn (corr)"]
[EventRounds "6"]
[SourceTitle "Corr 2008"]
[Source "ChessBase"]
[SourceDate "2008.06.24"]
[SourceVersion "1"]
[SourceVersionDate "2008.06.24"]
[SourceQuality "1"]

1. e4 e5 2. Nf3 d5 3. exd5 e4 4. Qe2 f5 5. d3 Nf6 6. Bg5 Be7 7. Bxf6 Bxf6 8. dxe4 0-0 9. e5 Re8 10. c4 c6 11. Nc3 b5 12. Rd1 bxc4 13. dxc6 Qa5 14. Qxc4+ Kh8 15. Qf7 1-0

[Event "IECG CN.2000.0.00208"]
[Site "IECG email"]
[Date "2000.08.20"]
[Round "?"]
[White "Feseler, Uwe"]
[Black "Collins, Andy"]
[Result "1/2-1/2"]
[WhiteElo "800"]
[BlackElo "800"]
[PlyCount "67"]
[EventDate "2000.08.20"]
[EventType "tourn (corr)"]
[EventRounds "6"]
[SourceTitle "Corr 2008"]
[Source "ChessBase"]
[SourceDate "2008.06.24"]
[SourceVersion "1"]
[SourceVersionDate "2008.06.24"]
[SourceQuality "1"]

1. e4 e5 2. Nf3 Nc6 3. Bb5 a6 4. Bxc6 dxc6 5. d3 Bc5 6. 0-0 Qd6 7. c3 Bg4 8. Nbd2 b5 9. Nb3 Bb6 10. d4 Rd8 11. Bg5 Nf6 12. h3 Bxf3 13. Qxf3 0-0 14. Rfd1 h6 15. Bxf6 Qxf6 16. Qxf6 gxf6 17. a4 Rd6 18. axb5 axb5 19. f3 Rfd8 20. Rdc1 exd4 21. cxd4 Rxd4 22. Nxd4 Bxd4+ 23. Kf1 Bxb2 24. Rd1 Rxd1+ 25. Rxd1 Kf8 26. Ke2 Ke7 27. g4 b4 28. Kd3 c5 29. Kc4 Bd4 30. h4 Kd6 31. f4 Ke6 32. Rf1 Kd6 33. Rf3 c6 34. Rd3 1/2-1/2

[Event "IECG CN.2000.0.00208"]
[Site "IECG email"]
[Date "2000.08.20"]
[Round "?"]
[White "Venturas, Bob"]
[Black "Collins, Andy"]
[Result "0-1"]
[WhiteElo "630"]
[BlackElo "800"]
[PlyCount "62"]
[EventDate "2000.08.20"]
[EventType "tourn (corr)"]
[EventRounds "6"]
[SourceTitle "Corr 2008"]
[Source "ChessBase"]
[SourceDate "2008.06.24"]
[SourceVersion "1"]
[SourceVersionDate "2008.06.24"]
[SourceQuality "1"]

1. e4 e5 2. Nf3 Nc6 3. Bb5 a6 4. Bxc6 dxc6 5. d3 Bc5 6. Nc3 Bg4 7. h3 Bh5 8. g4 Bg6 9. Nxe5 Qd4 10. Be3 Qxe5 11. d4 Qe6 12. dxc5 Bxe4 13. f3 Bxc2 14. Qxc2 Qxe3+ 15. Qe2 Qxe2+ 16. Nxe2 0-0-0 17. 0-0 Rd2 18. Rfe1 Rxb2 19. Nd4 Nf6 20. Re7 Rf8 21. Rae1 Rxa2 22. g5 Nd5 23. Re8+ Rxe8 24. Rxe8+ Kd7 25. Re1 g6 26. Rb1 b6 27. cxb6 cxb6 28. Nb3 c5 29. Nc1 Nc3 30. Nxa2 Nxb1 31. Nc3 Nxc3 0-1